000 01168nam a2200325 i 4500
003 EG-GICUC
005 20260506150315.0
008 260506s1967 fr |||fr|||| 000 0 Fre d
040 _aEG-GiCUC
_bfre
_cEG-GiCUC
_dEG-GiCUC
_eRda
041 0 _afre
082 0 4 _a345.123
_bCH . P
_221
092 0 4 _221
099 _aLaw 07 345.123 CH . P 1967
100 1 _aChaudet, Jean-Pierre.
_eAuteur
245 1 0 _aLes Principes Généraux De La Procédure Administrative Contentieuse :
_nTome LXXIV /
_cPar Jean-Pierre Chaudet, Marcel Waline; Préface De Jacques Moreau.
_b
264 1 _aParis :
_bLibrairie Generale De Droit Et De Jurisprudence,
_c1967.
300 _a528 Page :
_c 24 cm.
336 _2rda contenu
_a texte
337 _2rda medias
_aOrdinateur
338 _2 transporteur rda
_a Ressource en ligne
490 _aBibliothéque De Droit Public
504 _aBibliography: pages 503-515
546 _aTexte en français
650 1 _aDroit Administratif
700 1 _aMoreau, Jacques.
_ePréfacier
700 1 _aWaline, Marcel
_eCo-Auteur
856 4 0 _uhttps://fll.law.cu.edu.eg/fulltext/bks/B07-05433.pdf
905 _a64
942 _2ddc
_n0
_cBK
_e21
999 _c76021
_d76021